<?xml version="1.0" encoding="UTF-8"?>
<record
    xmlns:xsi="http://www.w3.org/2001/XMLSchema-instance"
    xsi:schemaLocation="http://www.loc.gov/MARC21/slim http://www.loc.gov/standards/marcxml/schema/MARC21slim.xsd"
    xmlns="http://www.loc.gov/MARC21/slim">

  <leader>00551cam a2200145 i 4500</leader>
  <datafield tag="020" ind1=" " ind2=" ">
    <subfield code="a">0821405217</subfield>
  </datafield>
  <datafield tag="040" ind1=" " ind2=" ">
    <subfield code="c">DLC</subfield>
  </datafield>
  <datafield tag="082" ind1="0" ind2=" ">
    <subfield code="a">334 GFA 1979 C147 Or.</subfield>
  </datafield>
  <datafield tag="245" ind1="0" ind2="0">
    <subfield code="a">Group farming in Asia :</subfield>
    <subfield code="b">experiences and potentials /</subfield>
  </datafield>
  <datafield tag="300" ind1=" " ind2=" ">
    <subfield code="a">xvi, 296 pages :</subfield>
    <subfield code="b">illustrations ;</subfield>
    <subfield code="c">24 cm</subfield>
  </datafield>
  <datafield tag="500" ind1=" " ind2=" ">
    <subfield code="a">"Based on papers presented at a conference sponsored by the Regional Research and Training Programme of the Agricultural Development Council in Singapore on 22-24 August 1977."</subfield>
  </datafield>
  <datafield tag="650" ind1=" " ind2="0">
    <subfield code="a">Agriculture, Cooperative</subfield>
  </datafield>
  <datafield tag="700" ind1="1" ind2=" ">
    <subfield code="a">Wong, John,</subfield>
  </datafield>
  <datafield tag="942" ind1=" " ind2=" ">
    <subfield code="c">AEDBB</subfield>
  </datafield>
  <datafield tag="999" ind1=" " ind2=" ">
    <subfield code="c">20896</subfield>
    <subfield code="d">20896</subfield>
  </datafield>
  <datafield tag="952" ind1=" " ind2=" ">
    <subfield code="0">0</subfield>
    <subfield code="1">0</subfield>
    <subfield code="4">0</subfield>
    <subfield code="6">334_000000000000000_GFA_1979_C147_OR</subfield>
    <subfield code="7">0</subfield>
    <subfield code="9">92514</subfield>
    <subfield code="a">LBC</subfield>
    <subfield code="b">LBC</subfield>
    <subfield code="c">C147</subfield>
    <subfield code="d">2023-01-12</subfield>
    <subfield code="o">334 GFA 1979 C147 Or.</subfield>
    <subfield code="p">a15085</subfield>
    <subfield code="r">2023-01-12</subfield>
    <subfield code="w">2023-01-12</subfield>
    <subfield code="y">AEDBB</subfield>
  </datafield>
  <datafield tag="952" ind1=" " ind2=" ">
    <subfield code="0">0</subfield>
    <subfield code="1">0</subfield>
    <subfield code="4">0</subfield>
    <subfield code="6">334_000000000000000_GFA_1979_C147_OR</subfield>
    <subfield code="7">0</subfield>
    <subfield code="9">92515</subfield>
    <subfield code="a">LBC</subfield>
    <subfield code="b">LBC</subfield>
    <subfield code="c">C147</subfield>
    <subfield code="d">2023-01-12</subfield>
    <subfield code="o">334 GFA 1979 C147 Or.</subfield>
    <subfield code="p">a13637</subfield>
    <subfield code="r">2023-01-12</subfield>
    <subfield code="y">AEDBB</subfield>
  </datafield>
  <datafield tag="952" ind1=" " ind2=" ">
    <subfield code="0">0</subfield>
    <subfield code="1">0</subfield>
    <subfield code="4">0</subfield>
    <subfield code="6">334_000000000000000_GFA_1979_C147_OR</subfield>
    <subfield code="7">0</subfield>
    <subfield code="9">92516</subfield>
    <subfield code="a">LBC</subfield>
    <subfield code="b">LBC</subfield>
    <subfield code="c">C147</subfield>
    <subfield code="d">2023-01-12</subfield>
    <subfield code="o">334 GFA 1979 C147 Or.</subfield>
    <subfield code="p">a15154</subfield>
    <subfield code="r">2023-01-12</subfield>
    <subfield code="y">AEDBB</subfield>
  </datafield>
  <datafield tag="952" ind1=" " ind2=" ">
    <subfield code="0">0</subfield>
    <subfield code="1">0</subfield>
    <subfield code="4">0</subfield>
    <subfield code="6">334_000000000000000_GFA_1979_C147_OR</subfield>
    <subfield code="7">0</subfield>
    <subfield code="9">92517</subfield>
    <subfield code="a">LBC</subfield>
    <subfield code="b">LBC</subfield>
    <subfield code="c">C147</subfield>
    <subfield code="d">2023-01-12</subfield>
    <subfield code="o">334 GFA 1979 C147 Or.</subfield>
    <subfield code="p">a14929</subfield>
    <subfield code="r">2023-01-12</subfield>
    <subfield code="y">AEDBB</subfield>
  </datafield>
  <datafield tag="952" ind1=" " ind2=" ">
    <subfield code="0">0</subfield>
    <subfield code="1">0</subfield>
    <subfield code="4">0</subfield>
    <subfield code="6">334_000000000000000_GFA_1979_C147_OR</subfield>
    <subfield code="7">0</subfield>
    <subfield code="9">92518</subfield>
    <subfield code="a">LBC</subfield>
    <subfield code="b">LBC</subfield>
    <subfield code="c">C147</subfield>
    <subfield code="d">2023-01-12</subfield>
    <subfield code="o">334 GFA 1979 C147 Or.</subfield>
    <subfield code="p">a14126</subfield>
    <subfield code="r">2023-01-12</subfield>
    <subfield code="y">AEDBB</subfield>
  </datafield>
  <datafield tag="952" ind1=" " ind2=" ">
    <subfield code="0">0</subfield>
    <subfield code="1">0</subfield>
    <subfield code="4">0</subfield>
    <subfield code="6">334_000000000000000_GFA_1979_C147_OR</subfield>
    <subfield code="7">0</subfield>
    <subfield code="9">92519</subfield>
    <subfield code="a">LBC</subfield>
    <subfield code="b">LBC</subfield>
    <subfield code="c">C147</subfield>
    <subfield code="d">2023-01-12</subfield>
    <subfield code="o">334 GFA 1979 C147 Or.</subfield>
    <subfield code="p">a13827</subfield>
    <subfield code="r">2023-01-12</subfield>
    <subfield code="y">AEDBB</subfield>
  </datafield>
  <datafield tag="952" ind1=" " ind2=" ">
    <subfield code="0">0</subfield>
    <subfield code="1">0</subfield>
    <subfield code="4">0</subfield>
    <subfield code="6">334_000000000000000_GFA_1979_C147_OR</subfield>
    <subfield code="7">0</subfield>
    <subfield code="9">92520</subfield>
    <subfield code="a">LBC</subfield>
    <subfield code="b">LBC</subfield>
    <subfield code="c">C147</subfield>
    <subfield code="d">2023-01-12</subfield>
    <subfield code="o">334 GFA 1979 C147 Or.</subfield>
    <subfield code="p">a13764</subfield>
    <subfield code="r">2023-01-12</subfield>
    <subfield code="y">AEDBB</subfield>
  </datafield>
  <datafield tag="952" ind1=" " ind2=" ">
    <subfield code="0">0</subfield>
    <subfield code="1">0</subfield>
    <subfield code="4">0</subfield>
    <subfield code="6">334_000000000000000_GFA_1979_C147_OR</subfield>
    <subfield code="7">0</subfield>
    <subfield code="9">93476</subfield>
    <subfield code="a">LBC</subfield>
    <subfield code="b">LBC</subfield>
    <subfield code="c">C147</subfield>
    <subfield code="d">2023-06-23</subfield>
    <subfield code="o">334 GFA 1979 C147 Or.</subfield>
    <subfield code="p">a15083</subfield>
    <subfield code="r">2023-06-23</subfield>
    <subfield code="w">2023-06-23</subfield>
    <subfield code="y">AEDBB</subfield>
  </datafield>
  <datafield tag="952" ind1=" " ind2=" ">
    <subfield code="0">0</subfield>
    <subfield code="1">0</subfield>
    <subfield code="4">0</subfield>
    <subfield code="6">334_000000000000000_GFA_1979_C147_OR</subfield>
    <subfield code="7">0</subfield>
    <subfield code="9">93477</subfield>
    <subfield code="a">LBC</subfield>
    <subfield code="b">LBC</subfield>
    <subfield code="c">C147</subfield>
    <subfield code="d">2023-06-23</subfield>
    <subfield code="o">334 GFA 1979 C147 Or.</subfield>
    <subfield code="p">a13620</subfield>
    <subfield code="r">2023-06-23</subfield>
    <subfield code="w">2023-06-23</subfield>
    <subfield code="y">AEDBB</subfield>
  </datafield>
  <datafield tag="952" ind1=" " ind2=" ">
    <subfield code="0">0</subfield>
    <subfield code="1">0</subfield>
    <subfield code="4">0</subfield>
    <subfield code="6">334_000000000000000_GFA_1979_C147_OR</subfield>
    <subfield code="7">0</subfield>
    <subfield code="9">96506</subfield>
    <subfield code="a">LBC</subfield>
    <subfield code="b">LBC</subfield>
    <subfield code="c">C147</subfield>
    <subfield code="d">2023-11-20</subfield>
    <subfield code="o">334 GFA 1979 C147 Or.</subfield>
    <subfield code="p">a14478</subfield>
    <subfield code="r">2023-11-20</subfield>
    <subfield code="w">2023-11-20</subfield>
    <subfield code="y">AEDBB</subfield>
  </datafield>
</record>
